Los grandes iniciados : (Record no. 15403)
[ view plain ]
| 000 -CABECERA | |
|---|---|
| campo de control de longitud fija | 00663cam a2200193 a 4500 |
| 001 - NÚMERO DE CONTROL | |
| campo de control | 000015860 |
| 005 - FECHA Y HORA DE LA ÚLTIMA TRANSACCIÓN | |
| campo de control | 20240513095116.0 |
| 008 - DATOS DE LONGITUD FIJA--INFORMACIÓN GENERAL | |
| campo de control de longitud fija | 821210s1943 mx 000 0 spa |
| 040 ## - FUENTE DE LA CATALOGACIÓN | |
| Centro catalogador/agencia de origen | DO-SdBNP |
| Lengua de catalogación | spa |
| Centro/agencia transcriptor | LC |
| Centro/agencia modificador | BNPHU |
| 082 ## - NÚMERO DE LA CLASIFICACIÓN DECIMAL DEWEY | |
| Número de clasificación | 111 |
| Número de documento/Ítem | S394g |
| 049 ## - FONDOS LOCALES (OCLC) | |
| Fondos de biblioteca | BNGR |
| 100 1# - ENTRADA PRINCIPAL--NOMBRE DE PERSONA | |
| Nombre de persona | Schure, Edouard, |
| Fechas asociadas al nombre | 1841-1929. |
| 9 (RLIN) | 35699 |
| 245 14 - MENCIÓN DE TÍTULO | |
| Título | Los grandes iniciados : |
| Resto del título | Rama - Krishna - Hermes - Moisés - Orfeo - Pitágoras - Platón - Jesús - Zoroastro - Buda, Jesús y los Esenios / |
| Mención de responsabilidad, etc. | Eduardo Schure. |
| 260 ## - PUBLICACIÓN, DISTRIBUCIÓN, ETC. | |
| Lugar de publicación, distribución, etc. | México, D. F. : |
| Nombre del editor, distribuidor, etc. | Olimpo, |
| Fecha de publicación, distribución, etc. | [1943]. |
| 300 ## - DESCRIPCIÓN FÍSICA | |
| Extensión | 448 p. ; |
| Dimensiones | 24 cm. |
| 650 #4 - PUNTO DE ACCESO ADICIONAL DE MATERIA--TÉRMINO DE MATERIA | |
| Término de materia o nombre geográfico como elemento de entrada | Ontología |
| 9 (RLIN) | 1544 |
| 650 #0 - PUNTO DE ACCESO ADICIONAL DE MATERIA--TÉRMINO DE MATERIA | |
| Término de materia o nombre geográfico como elemento de entrada | Religión |
| 9 (RLIN) | 1906 |
| 910 ## - DATOS DE OPCIÓN DEL USUARIO (OCLC) | |
| Datos de opción del usuario | Catalogación derivada |
| Estado de retiro | Estado de pérdida | Restricciones de uso | No para préstamo | Código de colección | Localización permanente | Ubicación/localización actual | Ubicación en estantería | Fecha de adquisición | Número de inventario | Total de préstamos | Signatura topográfica completa | Código de barras | Fecha visto por última vez | Precio válido a partir de | Tipo de ítem Koha |
|---|---|---|---|---|---|---|---|---|---|---|---|---|---|---|---|
| Préstamo interno | Monografías: Libros y Folletos | General | General | En catalogación | 19.02.2010 | LF1 | 111 S394g | 15860-10 | 25.06.2020 | 25.06.2020 | Préstamo interno |
